Misterio cristiano y año litúrgico / (Record no. 30170)

MARC details
000 -LEADER
campo de control de longitud fija 00646nam a2200217 i 4500
001 - NÚMERO DE CONTROL
campo de control 30170
003 - IDENTIFICADOR DE NÚMERO DE CONTROL
campo de control ES-MaACL
005 - FECHA Y HORA DE LA ÚLTIMA TRANSACCIÓN
campo de control 20230906154141.0
007 - CAMPO FIJO DE DESCRIPCIÓN FÍSICA--INFORMACIÓN GENERAL
campo de control de longitud fija t|
008 - DATOS DE LONGITUD FIJA--INFORMACIÓN GENERAL
campo de control de longitud fija 030123s1965 sp ||||1| spa d
100 1# - ENTRADA PRINCIPAL--NOMBRE DE PERSONA
Nombre de persona Barsotti, Divo.
9 (RLIN) 26094
245 10 - MENCIÓN DEL TÍTULO
Título Misterio cristiano y año litúrgico /
Mención de responsabilidad, etc. Divo Barsotti ; [traducción de Manuel Garrido].
260 ## - PUBLICACIÓN, DISTRIBUCIÓN, ETC.
Lugar de publicación, distribución, etc. Salamanca :
Nombre del editor, distribuidor, etc. Sígueme,
Fecha de publicación, distribución, etc. 1965.
300 ## - DESCRIPCIÓN FÍSICA
Extensión 363 p. ;
Dimensiones 22 cm.
490 1# - MENCIÓN DE SERIE
Mención de serie Nueva alianza ;
Designación de volumen o secuencia 1
650 #4 - PUNTO DE ACCESO ADICIONAL DE MATERIA--TÉRMINO DE MATERIA
Término de materia o nombre geográfico como elemento de entrada Año litúrgico.
9 (RLIN) 9903
700 1# - ENTRADA AGREGADA--NOMBRE PERSONAL
Nombre de persona Garrido Bonaño, Manuel.
9 (RLIN) 140008
830 1# - PUNTO DE ACCESO ADICIONAL DE SERIE-TÍTULO UNIFORME
Título uniforme Nueva alianza ;
Designación de volumen o secuencia 1
9 (RLIN) 181320
852 4# - LOCALIZACIÓN
Ubicación ES-MaACL
Número de control de estantería C-28110
Holdings
Estatus retirado Estado de pérdida Estado de daño No para préstamo Biblioteca de origen Biblioteca actual Ubicación en estantería Fecha de adquisición Fuente de adquisición Total de préstamos Signatura topográfica completa Código de barras Visto por última vez Precio de reemplazo Tipo de ítem Koha
        Biblioteca del Ateneo de Madrid Biblioteca del Ateneo de Madrid Depósito 2 17/01/2008     C-28110 1031147 23/02/2023 23/02/2023 Libro impreso